Southville International School and Colleges
Your cart is empty.
  • Cart
  • Lists
    Public lists Eva Luna New books Lux_list list_1
    Your lists Log in to create your own lists
  • Log in to your account
  • Your cookies
  • Search history
Southville International School and Colleges
  • Advanced search
  • Recent comments
  • Most popular
  • Libraries

Log in to your account

Log in with GOOGLE


If you do not have an external account, but do have a local account, you can still log in:

  1. Home
  2. MARC view: Guiding professional learning communities :
Normal view MARC view ISBD view

Guiding professional learning communities : (Record no. 24653)

[ view plain ]
MARC details
000 -LEADER
fixed length control field 00994nam a2200265 a 4500
005 - DATE AND TIME OF LATEST TRANSACTION
control field 20140310183533.0
008 - FIXED-LENGTH DATA ELEMENTS--GENERAL INFORMATION
fixed length control field 111013s19uu xx 00 eng d
010 ## - LIBRARY OF CONGRESS CONTROL NUMBER
LC control number 2009035694
020 ## - INTERNATIONAL STANDARD BOOK NUMBER
International Standard Book Number 9781412972710
050 ## - LIBRARY OF CONGRESS CALL NUMBER
Classification number LB 2822.82
Item number .H666 2010
100 ## - MAIN ENTRY--PERSONAL NAME
Personal name Hord, Shirley M.
245 ## - TITLE STATEMENT
Title Guiding professional learning communities :
Remainder of title inspiration, challenge, surprise, and meaning /
Statement of responsibility, etc Shirley M. Hord, James L. Roussin, William A. Sommers ; foreword by Roland S. Barth.
260 ## - PUBLICATION, DISTRIBUTION, ETC. (IMPRINT)
Place of publication, distribution, etc Thousand Oaks, Calif :
Name of publisher, distributor, etc Corwin,
Date of publication, distribution, etc 2010.
300 ## - PHYSICAL DESCRIPTION
Extent 225 p. :
Other physical details ill. ;
Dimensions 28 cm.
500 ## - GENERAL NOTE
General note Includes bibliographical references (p. 217-220) and index.
521 ## - TARGET AUDIENCE NOTE
Target audience note
650 ## - SUBJECT ADDED ENTRY--TOPICAL TERM
Topical term or geographic name as entry element School improvement programs
Geographic subdivision United States
650 ## - SUBJECT ADDED ENTRY--TOPICAL TERM
Topical term or geographic name as entry element Group work in education
Geographic subdivision United States
650 ## - SUBJECT ADDED ENTRY--TOPICAL TERM
Topical term or geographic name as entry element Educational change
Geographic subdivision United States
650 ## - SUBJECT ADDED ENTRY--TOPICAL TERM
Topical term or geographic name as entry element Educational leadership
Geographic subdivision United States
700 ## - ADDED ENTRY--PERSONAL NAME
Personal name Roussin, James L.
700 ## - ADDED ENTRY--PERSONAL NAME
Personal name Sommers, William A.
942 ## - ADDED ENTRY ELEMENTS (KOHA)
Koha item type Books
Source of classification or shelving scheme Library of Congress Classification
Call number prefix Foreign
Holdings
Withdrawn status Lost status Source of classification or shelving scheme Damaged status Home library Current library Shelving location Date acquired Source of acquisition Cost, normal purchase price Total Checkouts Full call number Barcode Date last seen Copy number Price effective from Koha item type
    Library of Congress Classification   College Library College Library General Circulation Section 10/13/2011 Donation 1930.00   LB 2822.82 .H666 2010 C13023 05/15/2018 1 10/18/2013 Books

Guiding professional learning communities :

APA

Hord S. M., Roussin J. L. & Sommers W. A. (2010). Guiding professional learning communities. Thousand Oaks, Calif: Corwin.

Chicago

Hord Shirley M, Roussin James L and Sommers William A. 2010. Guiding professional learning communities. Thousand Oaks, Calif: Corwin.

Harvard

Hord S. M., Roussin J. L. and Sommers W. A. (2010). Guiding professional learning communities. Thousand Oaks, Calif: Corwin.

MLA

Hord Shirley M, Roussin James L and Sommers William A. Guiding professional learning communities. Thousand Oaks, Calif: Corwin. 2010.

  • Place hold
  • Print
  • Cite
  • Add to your cart (remove)
  • Save record
    BIBTEX Dublin Core MARCXML MARC (non-Unicode/MARC-8) MARC (Unicode/UTF-8) MARC (Unicode/UTF-8, Standard) MODS (XML) RIS
  • More searches
    Search for this title in:
    Other Libraries (WorldCat) Other Databases (Google Scholar) Online Stores (Bookfinder.com) Open Library (openlibrary.org)

Exporting to Dublin Core...

SOUTHVILLE LIBRARY

Southville International School and Colleges Library

1281 Tropical Ave. Cor. Luxembourg St., BF Homes International, Las Pinas City

Tel. No. 8256374 / 252358 Loc. 117/146

Powered by Koha